[Event "British Columbia-ch"]
[Site "Victoria CAN"]
[Date "2017.10.08"]
[Round "5.1"]
[White "Wu, Howard"]
[Black "Doknjas, John"]
[Result "1/2-1/2"]
[WhiteElo "2225"]
[BlackElo "2273"]
[WhiteFideId "-1"]
[WhiteFideId "-1"]
[PlyCount "182"]
[GameId "2160767908325960"]
[EventDate "2017.10.06"]
[EventType "tourn"]
[EventRounds "7"]
[EventCountry "CAN"]
[SourceTitle "EXT 2022"]
[Source "ChessBase"]
[SourceDate "2021.10.06"]
[SourceVersion "1"]
[SourceVersionDate "2021.10.06"]
[SourceQuality "1"]

1. e4 c5 2. Nf3 d6 3. d4 cxd4 4. Nxd4 Nf6 5. Nc3 a6 6. Bg5 e6 7. f4 Qb6 8. Qd2 Nc6 9. O-O-O Nxd4 10. Qxd4 Qxd4 11. Rxd4 Be7 12. Bxf6 gxf6 13. Be2 h5 14. f5 Bd7 15. Rf1 Bf8 16. Kb1 Rd8 17. Rd3 Ke7 18. Rh3 h4 19. Rf4 Rg8 20. Bf1 Bh6 21. Rfxh4 Bg5 22. Rh7 exf5 23. Bc4 Rdf8 24. Rf3 Rh8 25. Rxh8 Rxh8 26. h3 fxe4 27. Nxe4 Be6 28. Bd3 Rh4 29. g4 Rh8 30. b3 b5 31. Kb2 Rb8 32. b4 Rb6 33. c3 Rc6 34. Bc2 Rc8 35. a4 bxa4 36. Bxa4 a5 37. b5 Rb8 38. Ng3 d5 39. Nf5+ Bxf5 40. Rxf5 Kd6 41. Kc2 Kc5 42. Bb3 Rd8 43. c4 Kb6 44. Kc3 dxc4 45. Bxc4 Rd7 46. Rf3 Kc5 47. Rf5+ Kb6 48. Bd5 Re7 49. Bc4 Re3+ 50. Kd4 Rxh3 51. Rd5 a4 52. Rd6+ Kc7 53. Rc6+ Kb8 54. Bxf7 Re3 55. Bd5 Re7 56. Rb6+ Kc7 57. Ra6 Be3+ 58. Kd3 Bb6 59. Rxa4 Re3+ 60. Kd2 Re5 61. Bc6 f5 62. gxf5 Rxf5 63. Re4 Rf7 64. Kd3 Rg7 65. Re6 Rg3+ 66. Kc4 Rg7 67. Be4 Bg1 68. Rc6+ Kb8 69. b6 Rb7 70. Rg6 Bxb6 71. Kb5 Ba7+ 72. Bxb7 Kxb7 73. Rg7+ Ka8 74. Ka6 Bb8 75. Re7 Bg3 76. Rg7 Bb8 77. Kb6 Be5 78. Rd7 Bf4 79. Ra7+ Kb8 80. Rf7 Be3+ 81. Kc6 Ka8 82. Rf1 Ba7 83. Rb1 Bb8 84. Kb6 Ba7+ 85. Kc7 Be3 86. Re1 Bf4+ 87. Kb6 Bg3 88. Re2 Bf4 89. Re4 Bg3 90. Re8+ Bb8 91. Re7 Bf4 1/2-1/2

[Event "British Columbia-ch"]
[Site "Victoria CAN"]
[Date "2017.10.08"]
[Round "5.2"]
[White "Sohal, Tanraj"]
[Black "Morozov, Grigory"]
[Result "1/2-1/2"]
[WhiteElo "2369"]
[BlackElo "2344"]
[WhiteFideId "-1"]
[WhiteFideId "-1"]
[PlyCount "25"]
[GameId "2160767908325961"]
[EventDate "2017.10.06"]
[EventType "tourn"]
[EventRounds "7"]
[EventCountry "CAN"]
[SourceTitle "EXT 2022"]
[Source "ChessBase"]
[SourceDate "2021.10.06"]
[SourceVersion "1"]
[SourceVersionDate "2021.10.06"]
[SourceQuality "1"]

1. d4 d5 2. c4 e6 3. Nc3 c6 4. Qb3 Nf6 5. Nf3 dxc4 6. Qxc4 b5 7. Qd3 a6 8. e4 Nbd7 9. e5 Nd5 10. Nxd5 cxd5 11. Be2 Be7 12. O-O b4 13. Ne1 1/2-1/2

[Event "British Columbia-ch"]
[Site "Victoria CAN"]
[Date "2017.10.08"]
[Round "5.3"]
[White "Hemstapat, Andrew"]
[Black "Doknjas, Joshua"]
[Result "0-1"]
[WhiteElo "2047"]
[BlackElo "2228"]
[WhiteFideId "-1"]
[WhiteFideId "-1"]
[PlyCount "82"]
[GameId "2160767908325962"]
[EventDate "2017.10.06"]
[EventType "tourn"]
[EventRounds "7"]
[EventCountry "CAN"]
[SourceTitle "EXT 2022"]
[Source "ChessBase"]
[SourceDate "2021.10.06"]
[SourceVersion "1"]
[SourceVersionDate "2021.10.06"]
[SourceQuality "1"]

1. e4 c5 2. Nf3 d6 3. d4 cxd4 4. Nxd4 Nf6 5. Nc3 a6 6. Bg5 Nbd7 7. Bc4 Qb6 8. Bb3 e6 9. Be3 Nc5 10. O-O Qc7 11. f3 Be7 12. a4 O-O 13. Ba2 b6 14. Qe2 Bd7 15. b4 Nb7 16. Bd2 Rac8 17. f4 a5 18. b5 Qc5 19. Qe3 Ng4 20. Qd3 e5 21. Nd5 Bd8 22. c3 exd4 23. cxd4 Qc2 24. Qe2 Qb2 25. Qd3 Qc2 26. Qe2 Kh8 27. h3 Nf6 28. Nxf6 Bxf6 29. e5 dxe5 30. dxe5 Be7 31. Kh1 Bb4 32. Rfd1 Be6 33. Bb1 Qb2 34. Be4 Nc5 35. Rab1 Qa2 36. Rxb4 axb4 37. Bb1 Qc4 38. Qh5 g6 39. Qh6 Qe2 40. f5 Qxd1+ 41. Kh2 Qh5 0-1

[Event "British Columbia-ch"]
[Site "Victoria CAN"]
[Date "2017.10.08"]
[Round "5.4"]
[White "Gansvind, Valeriya"]
[Black "Pechisker, Alfred"]
[Result "0-1"]
[WhiteElo "2232"]
[BlackElo "2238"]
[WhiteFideId "-1"]
[WhiteFideId "-1"]
[PlyCount "80"]
[GameId "2160767908325963"]
[EventDate "2017.10.06"]
[EventType "tourn"]
[EventRounds "7"]
[EventCountry "CAN"]
[SourceTitle "EXT 2022"]
[Source "ChessBase"]
[SourceDate "2021.10.06"]
[SourceVersion "1"]
[SourceVersionDate "2021.10.06"]
[SourceQuality "1"]

1. d4 c5 2. d5 e5 3. e4 d6 4. Nc3 a6 5. a4 Be7 6. Be2 Bg5 7. Nf3 Bxc1 8. Qxc1 Ne7 9. Nd2 Ng6 10. Nc4 Qc7 11. h4 Nd7 12. h5 Ne7 13. Qg5 Rg8 14. Bg4 b6 15. Ne3 h6 16. Qh4 Nf6 17. Bxc8 Qxc8 18. Nc4 Qc7 19. f4 Nd7 20. O-O-O Nc8 21. fxe5 Nxe5 22. Nxe5 dxe5 23. d6 Nxd6 24. Nd5 Qd8 25. Qxd8+ Rxd8 26. Nxb6 f6 27. Rhe1 g6 28. Rd5 gxh5 29. Rxc5 Rxg2 30. Nd5 Kf7 31. Rc7+ Kg6 32. Ne7+ Kg5 33. Nc6 Rg8 34. Rd7 Nc8 35. Rd3 h4 36. Rf1 Rg3 37. Rd2 h3 38. Nd8 Rg2 39. Ne6+ Kh4 40. Rd3 h2 0-1

[Event "British Columbia-ch"]
[Site "Victoria CAN"]
[Date "2017.10.09"]
[Round "6.1"]
[White "Doknjas, John"]
[Black "Pechisker, Alfred"]
[Result "0-1"]
[WhiteElo "2273"]
[BlackElo "2238"]
[WhiteFideId "-1"]
[WhiteFideId "-1"]
[PlyCount "74"]
[GameId "2160767908325964"]
[EventDate "2017.10.06"]
[EventType "tourn"]
[EventRounds "7"]
[EventCountry "CAN"]
[SourceTitle "EXT 2022"]
[Source "ChessBase"]
[SourceDate "2021.10.06"]
[SourceVersion "1"]
[SourceVersionDate "2021.10.06"]
[SourceQuality "1"]

1. d4 Nf6 2. c4 g6 3. Nc3 Bg7 4. e4 d6 5. f4 O-O 6. Nf3 c5 7. d5 e6 8. Be2 exd5 9. cxd5 Re8 10. Nd2 Na6 11. O-O Rb8 12. Bf3 b5 13. a4 bxa4 14. Rxa4 Nb4 15. Nc4 Ba6 16. b3 Nd7 17. e5 dxe5 18. Re1 Bxc4 19. bxc4 Nb6 20. Rxa7 Nxc4 21. Ne4 Nd6 22. Be3 c4 23. fxe5 Nxe4 24. Bxe4 Bxe5 25. Qg4 Nxd5 26. Qf3 Nf6 27. Rd1 Qc8 28. Bd5 Rf8 29. Bh6 Qc5+ 30. Be3 Qb4 31. Bh6 Nxd5 32. Bxf8 Qb6+ 33. Kh1 Qxa7 34. Qxd5 Qc7 35. Bh6 Bxh2 36. Re1 Bf4 37. Qb5 Bxh6 0-1

[Event "British Columbia-ch"]
[Site "Victoria CAN"]
[Date "2017.10.09"]
[Round "6.2"]
[White "Doknjas, Joshua"]
[Black "Gansvind, Valeriya"]
[Result "1/2-1/2"]
[WhiteElo "2228"]
[BlackElo "2232"]
[WhiteFideId "-1"]
[WhiteFideId "-1"]
[PlyCount "53"]
[GameId "2160767908325965"]
[EventDate "2017.10.06"]
[EventType "tourn"]
[EventRounds "7"]
[EventCountry "CAN"]
[SourceTitle "EXT 2022"]
[Source "ChessBase"]
[SourceDate "2021.10.06"]
[SourceVersion "1"]
[SourceVersionDate "2021.10.06"]
[SourceQuality "1"]

1. e4 g6 2. d4 d6 3. Nc3 Bg7 4. Be3 c6 5. Qd2 b5 6. Nf3 a6 7. Bd3 Nd7 8. a4 Bb7 9. O-O Qc7 10. axb5 cxb5 11. Nd5 Bxd5 12. exd5 Nb6 13. Rxa6 Rxa6 14. Bxb5+ Kf8 15. Bxa6 Nxd5 16. Bd3 Nxe3 17. fxe3 Bh6 18. Qf2 Nf6 19. e4 Kg7 20. h3 Rf8 21. c4 Kg8 22. g3 Nd7 23. b4 d5 24. exd5 Be3 25. Qxe3 Qxg3+ 26. Kh1 Qxh3+ 27. Kg1 1/2-1/2

[Event "British Columbia-ch"]
[Site "Victoria CAN"]
[Date "2017.10.09"]
[Round "6.3"]
[White "Morozov, Grigory"]
[Black "Hemstapat, Andrew"]
[Result "1/2-1/2"]
[WhiteElo "2344"]
[BlackElo "2047"]
[WhiteFideId "-1"]
[WhiteFideId "-1"]
[PlyCount "100"]
[GameId "2160767908325966"]
[EventDate "2017.10.06"]
[EventType "tourn"]
[EventRounds "7"]
[EventCountry "CAN"]
[SourceTitle "EXT 2022"]
[Source "ChessBase"]
[SourceDate "2021.10.06"]
[SourceVersion "1"]
[SourceVersionDate "2021.10.06"]
[SourceQuality "1"]

1. d4 Nf6 2. Nf3 g6 3. c4 Bg7 4. Nc3 d6 5. e3 O-O 6. Be2 Nbd7 7. b3 c6 8. Qc2 Re8 9. Bb2 e5 10. h3 Qc7 11. g4 exd4 12. Nxd4 Nc5 13. O-O-O a5 14. Bf3 Qb6 15. Ba3 Be6 16. Nxe6 Rxe6 17. g5 Ne8 18. h4 Nc7 19. Ne2 N7a6 20. Nf4 Ree8 21. Rxd6 Qc7 22. Rd2 Nb4 23. Bxb4 axb4 24. Nd3 Nxd3+ 25. Rxd3 Qe5 26. Kd2 Qf5 27. Ke2 Ra5 28. Rd2 Qe6 29. Rhd1 Bf8 30. Rd4 Rea8 31. R1d2 Qh3 32. Qb1 Re5 33. Qh1 Qe6 34. Bg4 Qe8 35. Rd7 Rea5 36. Qb1 Qb8 37. f4 Bg7 38. Kf3 Bc3 39. Re2 b5 40. c5 R5a7 41. Qd3 Qf8 42. Rd6 Rc7 43. h5 Re8 44. e4 f6 45. gxf6 Bxf6 46. Bd7 Be5 47. Bxe8 Qxf4+ 48. Kg2 Qh2+ 49. Kf1 Qh1+ 50. Kf2 Qh2+ 1/2-1/2

[Event "British Columbia-ch"]
[Site "Victoria CAN"]
[Date "2017.10.09"]
[Round "6.4"]
[White "Wu, Howard"]
[Black "Sohal, Tanraj"]
[Result "1/2-1/2"]
[WhiteElo "2225"]
[BlackElo "2369"]
[WhiteFideId "-1"]
[WhiteFideId "-1"]
[PlyCount "64"]
[GameId "2160767908325967"]
[EventDate "2017.10.06"]
[EventType "tourn"]
[EventRounds "7"]
[EventCountry "CAN"]
[SourceTitle "EXT 2022"]
[Source "ChessBase"]
[SourceDate "2021.10.06"]
[SourceVersion "1"]
[SourceVersionDate "2021.10.06"]
[SourceQuality "1"]

1. e4 e6 2. d4 d5 3. Nd2 Nc6 4. Ngf3 Nf6 5. e5 Nd7 6. c3 f6 7. exf6 Qxf6 8. Nb3 Bd6 9. Bb5 O-O 10. Be3 Ne7 11. Bg5 Qg6 12. Bxe7 Bxe7 13. O-O Bd6 14. Bxd7 Bxd7 15. Ne5 Bxe5 16. dxe5 b6 17. f4 c5 18. Qf3 Bb5 19. Rf2 Rf7 20. a4 Bd3 21. a5 Raf8 22. axb6 axb6 23. g3 Qf5 24. Qe3 h6 25. Nd2 Rd7 26. Nf3 Bb5 27. b4 Qe4 28. Qd2 d4 29. bxc5 bxc5 30. cxd4 cxd4 31. Qb4 Bc6 32. Qc4 Qd5 1/2-1/2

[Event "British Columbia-ch"]
[Site "Victoria CAN"]
[Date "2017.10.09"]
[Round "7.1"]
[White "Sohal, Tanraj"]
[Black "Doknjas, John"]
[Result "1/2-1/2"]
[WhiteElo "2369"]
[BlackElo "2273"]
[WhiteFideId "-1"]
[WhiteFideId "-1"]
[PlyCount "44"]
[GameId "2160767908325968"]
[EventDate "2017.10.06"]
[EventType "tourn"]
[EventRounds "7"]
[EventCountry "CAN"]
[SourceTitle "EXT 2022"]
[Source "ChessBase"]
[SourceDate "2021.10.06"]
[SourceVersion "1"]
[SourceVersionDate "2021.10.06"]
[SourceQuality "1"]

1. d4 Nf6 2. Nf3 e6 3. g3 c5 4. Bg2 Nc6 5. O-O Be7 6. c4 cxd4 7. Nxd4 O-O 8. Nc3 a6 9. b3 Qc7 10. Bb2 d6 11. Rc1 Nxd4 12. Qxd4 Rd8 13. Rfd1 Rb8 14. Qd2 b6 15. Ne4 Nxe4 16. Bxe4 Bb7 17. Qd3 f5 18. Bf3 Bg5 19. Rc2 Qf7 20. Bxb7 Rxb7 21. f4 Bf6 22. Bxf6 Qxf6 1/2-1/2

[Event "British Columbia-ch"]
[Site "Victoria CAN"]
[Date "2017.10.09"]
[Round "7.2"]
[White "Hemstapat, Andrew"]
[Black "Wu, Howard"]
[Result "1/2-1/2"]
[WhiteElo "2047"]
[BlackElo "2225"]
[WhiteFideId "-1"]
[WhiteFideId "-1"]
[PlyCount "87"]
[GameId "2160767908325969"]
[EventDate "2017.10.06"]
[EventType "tourn"]
[EventRounds "7"]
[EventCountry "CAN"]
[SourceTitle "EXT 2022"]
[Source "ChessBase"]
[SourceDate "2021.10.06"]
[SourceVersion "1"]
[SourceVersionDate "2021.10.06"]
[SourceQuality "1"]

1. e4 c5 2. Nf3 Nc6 3. d4 cxd4 4. Nxd4 g6 5. Nc3 Bg7 6. Be3 Nf6 7. Bc4 O-O 8. Bb3 Qa5 9. O-O d6 10. h3 Bd7 11. f4 Nxd4 12. Bxd4 Bc6 13. Qe1 Nd7 14. Bxg7 Kxg7 15. Qh4 Qc5+ 16. Kh1 Nf6 17. Rae1 b5 18. e5 dxe5 19. fxe5 Nd7 20. Ne4 Bxe4 21. Qxe4 Nb6 22. Rf4 Rad8 23. Ref1 Nd5 24. R4f3 a5 25. Rd3 e6 26. Rfd1 Rc8 27. Bxd5 exd5 28. Rxd5 Qxc2 29. Qxc2 Rxc2 30. R1d2 Rfc8 31. Rxc2 Rxc2 32. Rxb5 g5 33. Kh2 Kg6 34. Kg3 a4 35. a3 h5 36. Kf3 h4 37. Rb4 Kf5 38. Rxa4 Rxb2 39. Ra5 Rb3+ 40. Ke2 Kf4 41. Ra4+ Kxe5 42. Rg4 Rxa3 43. Rxg5+ f5 44. Rh5 1/2-1/2

[Event "British Columbia-ch"]
[Site "Victoria CAN"]
[Date "2017.10.09"]
[Round "7.3"]
[White "Gansvind, Valeriya"]
[Black "Morozov, Grigory"]
[Result "0-1"]
[WhiteElo "2232"]
[BlackElo "2344"]
[WhiteFideId "-1"]
[WhiteFideId "-1"]
[PlyCount "140"]
[GameId "2160767908325970"]
[EventDate "2017.10.06"]
[EventType "tourn"]
[EventRounds "7"]
[EventCountry "CAN"]
[SourceTitle "EXT 2022"]
[Source "ChessBase"]
[SourceDate "2021.10.06"]
[SourceVersion "1"]
[SourceVersionDate "2021.10.06"]
[SourceQuality "1"]

1. d4 d5 2. Bf4 Nf6 3. e3 e6 4. Bd3 c5 5. c3 Nc6 6. Nf3 Qb6 7. Qc2 h6 8. h3 Bd7 9. Nbd2 Rc8 10. Qb1 cxd4 11. exd4 Na5 12. O-O Bb5 13. Ne5 Be7 14. Bxb5+ Qxb5 15. a4 Qb6 16. Qd3 O-O 17. Qb5 Nc4 18. Ndxc4 dxc4 19. Nd7 Nxd7 20. Qxd7 Bf6 21. Qb5 Qc6 22. Rfe1 Rfd8 23. Qh5 Rd5 24. Qe2 Ra5 25. Qc2 Qd7 26. Re3 Rc6 27. Rd1 Rb6 28. Qe2 Qxa4 29. Rd2 Rd5 30. Qg4 h5 31. Qe2 Qc6 32. Be5 Bxe5 33. Rxe5 g6 34. g4 hxg4 35. Qxg4 Ra6 36. Rd1 Qb5 37. Qg5 Qxb2 38. Rxd5 exd5 39. Qxd5 Rf6 40. Rf1 Qxc3 41. Qxb7 Qxh3 42. Qb8+ Kh7 43. Qh2 Qxh2+ 44. Kxh2 Rf4 45. d5 Rd4 46. Rc1 Kg7 47. Kg3 a5 48. Kf3 a4 49. Ke3 Rxd5 50. Rxc4 Ra5 51. Rc2 a3 52. Ra2 Kf6 53. Kf4 Ra4+ 54. Kf3 Ke5 55. Ke3 g5 56. Kd3 Kf4 57. Ke2 g4 58. Kd2 Kf3 59. Ke1 f5 60. Kf1 f4 61. Ke1 g3 62. fxg3 fxg3 63. Kf1 Ke3 64. Kg2 Kd3 65. Kxg3 Kc3 66. Kf3 Kb3 67. Re2 a2 68. Re3+ Kb4 69. Re4+ Kb5 70. Re5+ Kc6 0-1

[Event "British Columbia-ch"]
[Site "Victoria CAN"]
[Date "2017.10.09"]
[Round "7.4"]
[White "Pechisker, Alfred"]
[Black "Doknjas, Joshua"]
[Result "0-1"]
[WhiteElo "2238"]
[BlackElo "2228"]
[WhiteFideId "-1"]
[WhiteFideId "-1"]
[PlyCount "108"]
[GameId "2160767908325971"]
[EventDate "2017.10.06"]
[EventType "tourn"]
[EventRounds "7"]
[EventCountry "CAN"]
[SourceTitle "EXT 2022"]
[Source "ChessBase"]
[SourceDate "2021.10.06"]
[SourceVersion "1"]
[SourceVersionDate "2021.10.06"]
[SourceQuality "1"]

1. d4 d5 2. c4 c6 3. Nf3 Nf6 4. Nc3 dxc4 5. a4 Bf5 6. e3 e6 7. Bxc4 Bb4 8. O-O O-O 9. Qe2 Bg4 10. Rd1 Nbd7 11. h3 Bh5 12. e4 Qe7 13. e5 Nd5 14. Ne4 h6 15. g4 Bg6 16. Ng3 Rac8 17. g5 hxg5 18. Bxg5 Qe8 19. Nh4 Bh7 20. Qg4 f5 21. exf6 N7xf6 22. Bxf6 Rxf6 23. Nh5 Rf7 24. Rd3 Bxd3 25. Bxd3 Nf6 26. Qg6 Kf8 27. Qg5 Ke7 28. Ng6+ Kd8 29. Ne5 Rf8 30. Ng6 Rf7 31. Nxg7 Rxg7 32. Qxf6+ Qe7 33. Qe5 Bd6 34. Qe4 Kc7 35. Kf1 Qf6 36. h4 Rcg8 37. h5 Rf7 38. Qe3 Qf3 39. Qxf3 Rxf3 40. Be2 Rh3 41. Rd1 Rg7 42. f4 Rb3 43. Rd3 Rxd3 44. Bxd3 Bxf4 45. Nxf4 Rf7 46. Kg2 Rxf4 47. h6 Rxd4 48. h7 Rd8 49. Bg6 Rh8 50. Kf3 Kd6 51. Kf4 a5 52. Kg5 Ke7 53. Be4 Kf7 54. b3 Kg7 0-1

[Event "British Columbia-ch Seniors"]
[Site "Victoria CAN"]
[Date "2017.06.16"]
[Round "1.1"]
[White "Gansvind, Valeriya"]
[Black "Hanrahan, Nigel"]
[Result "1-0"]
[WhiteElo "2224"]
[BlackElo "1625"]
[WhiteFideId "-1"]
[WhiteFideId "-1"]
[PlyCount "49"]
[GameId "2160767908411123"]
[EventDate "2017.06.16"]
[EventType "swiss"]
[EventRounds "5"]
[EventCountry "CAN"]
[SourceTitle "EXT 2022"]
[Source "ChessBase"]
[SourceDate "2021.10.06"]
[SourceVersion "1"]
[SourceVersionDate "2021.10.06"]
[SourceQuality "1"]

1. d4 d5 2. Bg5 Nf6 3. Bxf6 exf6 4. e3 b6 5. g3 Ba6 6. Bg2 c6 7. Ne2 Bd6 8. Nd2 O-O 9. O-O f5 10. Re1 Nd7 11. c4 Nf6 12. Nc3 Bb4 13. Qa4 Bxc3 14. bxc3 Bb7 15. cxd5 cxd5 16. Nf3 a6 17. Ne5 b5 18. Qb4 Qc7 19. a4 Rfb8 20. axb5 axb5 21. Qxb5 Rxa1 22. Rxa1 Qxc3 23. Rb1 Qc7 24. Nc6 Rc8 25. Qxb7 1-0

[Event "British Columbia-ch Seniors"]
[Site "Victoria CAN"]
[Date "2017.06.16"]
[Round "1.2"]
[White "Boyle, Phillip"]
[Black "Patterson, Roger"]
[Result "0-1"]
[WhiteElo "1613"]
[BlackElo "2161"]
[WhiteFideId "-1"]
[WhiteFideId "-1"]
[PlyCount "68"]
[GameId "2160767908411124"]
[EventDate "2017.06.16"]
[EventType "swiss"]
[EventRounds "5"]
[EventCountry "CAN"]
[SourceTitle "EXT 2022"]
[Source "ChessBase"]
[SourceDate "2021.10.06"]
[SourceVersion "1"]
[SourceVersionDate "2021.10.06"]
[SourceQuality "1"]

1. c4 Nf6 2. g3 c6 3. d4 d5 4. cxd5 cxd5 5. Bg2 Nc6 6. Nc3 Bf5 7. a3 e6 8. Nf3 h6 9. Bf4 Be7 10. O-O O-O 11. Rc1 Qb6 12. b4 Ne4 13. Na4 Qb5 14. Nc5 a5 15. bxa5 Nxc5 16. dxc5 Bxc5 17. a4 Qxa5 18. Ne5 Nxe5 19. Bxe5 Ba3 20. Ra1 Qxa4 21. Qxa4 Rxa4 22. Ra2 Rfa8 23. Rfa1 b5 24. e3 Be7 25. Rxa4 Rxa4 26. Bf1 Rxa1 27. Bxa1 b4 28. Bb5 Bc2 29. Kf1 Bb3 30. Be2 Bc4 31. Ke1 b3 32. Bb2 Bf6 33. Bxf6 gxf6 34. Bd1 b2 0-1

[Event "British Columbia-ch Seniors"]
[Site "Victoria CAN"]
[Date "2017.06.16"]
[Round "1.3"]
[White "McLaren, Brian"]
[Black "Sullivan, Brian"]
[Result "1-0"]
[WhiteElo "2156"]
[BlackElo "1607"]
[WhiteFideId "-1"]
[WhiteFideId "-1"]
[PlyCount "93"]
[GameId "2160767908411125"]
[EventDate "2017.06.16"]
[EventType "swiss"]
[EventRounds "5"]
[EventCountry "CAN"]
[SourceTitle "EXT 2022"]
[Source "ChessBase"]
[SourceDate "2021.10.06"]
[SourceVersion "1"]
[SourceVersionDate "2021.10.06"]
[SourceQuality "1"]

1. e4 c5 2. Nc3 d6 3. g3 Nc6 4. Bg2 Nf6 5. d3 e6 6. f4 Qc7 7. Nf3 a6 8. O-O b5 9. h3 Bb7 10. Be3 O-O-O 11. Bf2 Be7 12. Qe2 h5 13. a4 b4 14. Nd1 a5 15. c3 d5 16. Ng5 Rdf8 17. exd5 exd5 18. Nxf7 Rhg8 19. Ng5 Qd7 20. Rc1 Re8 21. Ne3 Bd8 22. Qd1 Kb8 23. Nc2 Bb6 24. cxb4 axb4 25. b3 Re7 26. Re1 Rge8 27. Qd2 d4 28. Rxe7 Rxe7 29. Ne1 Na5 30. Rb1 Nd5 31. Ne4 Nf6 32. Qc2 Nxe4 33. dxe4 Ba6 34. Nd3 Qc7 35. Qd1 Bb7 36. Ne5 g5 37. Qxh5 gxf4 38. gxf4 Rg7 39. Qf3 Nc6 40. Nxc6+ Qxc6 41. Kh2 Ka7 42. Rc1 Qh6 43. Bg3 Re7 44. Qd3 Qg6 45. a5 Bc7 46. Rxc5 Bxe4 47. Bxe4 1-0

[Event "British Columbia-ch Seniors"]
[Site "Victoria CAN"]
[Date "2017.06.16"]
[Round "1.4"]
[White "Kunc, Norman"]
[Black "Soliven, Joe"]
[Result "0-1"]
[WhiteElo "1604"]
[BlackElo "2009"]
[WhiteFideId "-1"]
[WhiteFideId "-1"]
[PlyCount "38"]
[GameId "2160767908411126"]
[EventDate "2017.06.16"]
[EventType "swiss"]
[EventRounds "5"]
[EventCountry "CAN"]
[SourceTitle "EXT 2022"]
[Source "ChessBase"]
[SourceDate "2021.10.06"]
[SourceVersion "1"]
[SourceVersionDate "2021.10.06"]
[SourceQuality "1"]

1. d4 e6 2. Nf3 f5 3. e3 Nf6 4. Bd3 b6 5. b3 Bb7 6. Bb2 Nc6 7. Nbd2 Be7 8. e4 fxe4 9. Nxe4 O-O 10. a3 Nd5 11. Qd2 Nf4 12. O-O d5 13. Ng3 Bd6 14. c4 dxc4 15. bxc4 Na5 16. Qc3 Bxf3 17. c5 Bxg2 18. cxd6 Bf3 19. d5 Nh3# 0-1

[Event "British Columbia-ch Seniors"]
[Site "Victoria CAN"]
[Date "2017.06.16"]
[Round "1.5"]
[White "Monkhouse, Neale"]
[Black "MacDonnell, Paul"]
[Result "1-0"]
[WhiteElo "1845"]
[BlackElo "1453"]
[WhiteFideId "-1"]
[WhiteFideId "-1"]
[PlyCount "53"]
[GameId "2160767908411127"]
[EventDate "2017.06.16"]
[EventType "swiss"]
[EventRounds "5"]
[EventCountry "CAN"]
[SourceTitle "EXT 2022"]
[Source "ChessBase"]
[SourceDate "2021.10.06"]
[SourceVersion "1"]
[SourceVersionDate "2021.10.06"]
[SourceQuality "1"]

1. e4 d5 2. exd5 Qxd5 3. d4 Nc6 4. Nf3 Bg4 5. Be2 Bxf3 6. Bxf3 Qd7 7. O-O O-O-O 8. c3 Nf6 9. Bf4 e6 10. Nd2 Nd5 11. Bg3 Bd6 12. Bxd6 cxd6 13. a4 Nc7 14. b4 d5 15. Nb3 Qd6 16. b5 Nb8 17. Qc2 b6 18. c4 Kd7 19. c5 Qf4 20. Rfc1 Rc8 21. Qd3 Na8 22. a5 bxc5 23. dxc5 a6 24. Bxd5 exd5 25. Qxd5+ Ke7 26. Re1+ Kf6 27. Re4 1-0

[Event "British Columbia-ch Seniors"]
[Site "Victoria CAN"]
[Date "2017.06.17"]
[Round "2.1"]
[White "O'Brien, Frank"]
[Black "Gansvind, Valeriya"]
[Result "0-1"]
[WhiteElo "1788"]
[BlackElo "2224"]
[WhiteFideId "-1"]
[WhiteFideId "-1"]
[PlyCount "74"]
[GameId "2160767908411128"]
[EventDate "2017.06.16"]
[EventType "swiss"]
[EventRounds "5"]
[EventCountry "CAN"]
[SourceTitle "EXT 2022"]
[Source "ChessBase"]
[SourceDate "2021.10.06"]
[SourceVersion "1"]
[SourceVersionDate "2021.10.06"]
[SourceQuality "1"]

1. d4 g6 2. Bf4 d6 3. Nf3 Bg7 4. e3 Nf6 5. h3 b6 6. c3 O-O 7. Nbd2 Bb7 8. Bc4 Nd5 9. Bxd5 Bxd5 10. O-O Nd7 11. e4 Bb7 12. Re1 e5 13. dxe5 dxe5 14. Bg5 f6 15. Qb3+ Kh8 16. Be3 Qe7 17. Rad1 Rfd8 18. Qc2 Nf8 19. Nf1 Ne6 20. Ng3 Rxd1 21. Rxd1 Rd8 22. Rxd8+ Nxd8 23. Nd2 Bc8 24. c4 Ne6 25. c5 bxc5 26. Nb3 Bf8 27. Qc4 Nd4 28. Nd2 Qe6 29. Qa4 a6 30. b3 Bd7 31. Qc4 Qxc4 32. Nxc4 Bb5 33. Nb2 Kg8 34. f3 Kf7 35. Kf2 Ke6 36. Nf1 Nc2 37. Nd2 Nb4 0-1

[Event "British Columbia-ch Seniors"]
[Site "Victoria CAN"]
[Date "2017.06.17"]
[Round "2.2"]
[White "Patterson, Roger"]
[Black "Haines, Duncan"]
[Result "0-1"]
[WhiteElo "2161"]
[BlackElo "1803"]
[WhiteFideId "-1"]
[WhiteFideId "-1"]
[PlyCount "49"]
[GameId "2160767908411129"]
[EventDate "2017.06.16"]
[EventType "swiss"]
[EventRounds "5"]
[EventCountry "CAN"]
[SourceTitle "EXT 2022"]
[Source "ChessBase"]
[SourceDate "2021.10.06"]
[SourceVersion "1"]
[SourceVersionDate "2021.10.06"]
[SourceQuality "1"]

1. c4 c5 2. Nc3 g6 3. g3 Bg7 4. Bg2 Nc6 5. Nf3 e6 6. d4 cxd4 7. Nb5 d5 8. cxd5 Qa5+ 9. Qd2 Qxb5 10. dxc6 e5 11. cxb7 Bxb7 12. O-O Ne7 13. e4 O-O 14. Rd1 Nc6 15. Ne1 a5 16. b3 Rfc8 17. Ba3 Nb4 18. Rac1 Bf8 19. Rxc8 Rxc8 20. Rc1 Rxc1 21. Bxc1 Ba6 22. h4 Be7 23. Nf3 f6 24. Bh3 Qd3 25. Qh6 0-1

[Event "British Columbia-ch Seniors"]
[Site "Victoria CAN"]
[Date "2017.06.17"]
[Round "2.3"]
[White "Richardson, Ross"]
[Black "McLaren, Brian"]
[Result "0-1"]
[WhiteElo "1711"]
[BlackElo "2156"]
[WhiteFideId "-1"]
[WhiteFideId "-1"]
[PlyCount "86"]
[GameId "2160767908411130"]
[EventDate "2017.06.16"]
[EventType "swiss"]
[EventRounds "5"]
[EventCountry "CAN"]
[SourceTitle "EXT 2022"]
[Source "ChessBase"]
[SourceDate "2021.10.06"]
[SourceVersion "1"]
[SourceVersionDate "2021.10.06"]
[SourceQuality "1"]

1. d4 f5 2. c4 e6 3. Nf3 Nf6 4. g3 d5 5. Bg2 Bd6 6. c5 Be7 7. Qc2 O-O 8. Bf4 Nc6 9. Nbd2 Ne4 10. h4 Bd7 11. e3 Bf6 12. Rb1 Re8 13. b4 e5 14. dxe5 Nxe5 15. Nxe5 Bxe5 16. Bxe5 Rxe5 17. Nf3 Re8 18. O-O c6 19. Nd4 Qf6 20. Rbd1 Re7 21. Ne2 Qe5 22. Qd3 Be8 23. Qd4 Bh5 24. Qxe5 Rxe5 25. f3 Nf6 26. Rd3 a5 27. Ra3 Rae8 28. Rxa5 Rxe3 29. Nd4 Bg6 30. Bh3 f4 31. gxf4 Bd3 32. Rd1 Nh5 33. f5 Nf4 34. Bg2 Ne2+ 35. Nxe2 Bxe2 36. Re1 d4 37. Rb1 Bc4 38. Ra7 Re1+ 39. Rxe1 Rxe1+ 40. Kf2 Re2+ 41. Kg3 Re8 42. Rxb7 Rd8 43. Kf2 d3 0-1